[Event "III Open A"]
[Site "Padova ITA"]
[Date "2000.12.04"]
[Round "3"]
[White "Radulescu, Gheorghe"]
[Black "Antoniacci, Riccardo"]
[Result "0-1"]
[WhiteElo "1902"]
[BlackElo "2065"]
[PlyCount "60"]
[EventDate "2000.12.02"]

1. e4 c5 2. Nf3 Nc6 3. d4 cxd4 4. Nxd4 g6 5. Bc4 Bg7 6. Nxc6 bxc6 7. O-O Nf6 8.
Nc3 Qc7 9. Re1 O-O 10. Bg5 Qe5 11. Bh4 d6 12. Bb3 Ng4 13. Bg3 Qa5 14. h3 Ne5
15. Ne2 Ba6 16. Bxe5 Qxe5 17. c3 c5 18. Bd5 Rab8 19. Qa4 Rb6 20. Rad1 Rfb8 21.
Rd2 Bh6 22. Rc2 Bd3 23. f4 Bxc2 24. Qxc2 Qh5 25. b3 e6 26. Bc4 d5 27. Bd3 Qh4
28. Rf1 c4 29. bxc4 Rb2 30. Qa4 dxe4 0-1

[Event "III Open A"]
[Site "Padova ITA"]
[Date "2000.12.04"]
[Round "3"]
[White "Rossi, Carlo"]
[Black "Danieli, Enrico"]
[Result "1/2-1/2"]
[WhiteElo "2436"]
[BlackElo "2096"]
[PlyCount "144"]
[EventDate "2000.12.02"]

1. b3 Nf6 2. Bb2 e6 3. e3 b6 4. h4 Bb7 5. Rh3 d6 6. g4 Nbd7 7. g5 Ng8 8. Qg4
Ne7 9. Bg2 c6 10. h5 Qc7 11. h6 Rg8 12. hxg7 Bxg7 13. Nc3 h6 14. Rh5 O-O-O 15.
O-O-O hxg5 16. Rxg5 Bf6 17. Rxg8 Rxg8 18. Qh3 Qd8 19. d4 Qf8 20. Nge2 Qg7 21.
Rg1 Qg4 22. Qh2 Qh4 23. Qxh4 Bxh4 24. Nd1 Kc7 25. Kd2 Ba6 26. Bh3 Rxg1 27. Nxg1
Bf6 28. f4 c5 29. dxc5 Nxc5 30. Bg2 Bxb2 31. Nxb2 Bb7 32. Bxb7 Kxb7 33. Nd1
Ne4+ 34. Kd3 Nc5+ 35. Ke2 Nc6 36. a3 Ne4 37. Nf3 Ng3+ 38. Kd3 Nf5 39. Ng5 Nd8
40. Nf2 Kc6 41. Ng4 Kd7 42. Kc4 a6 43. a4 Ke7 44. Nf3 d5+ 45. Kd3 f6 46. Nd2
Nd6 47. Nh2 b5 48. axb5 axb5 49. c3 Nc6 50. Nhf3 e5 51. fxe5 fxe5 52. e4 dxe4+
53. Nxe4 Nxe4 54. Kxe4 Ke6 55. b4 Kd6 56. Ne1 Ne7 57. Nc2 Nd5 58. Kd3 Nf4+ 59.
Kd2 Kd5 60. Na3 Kc6 61. Ke3 Nd5+ 62. Kd3 Nf4+ 63. Ke4 Ne2 64. Nb1 Kd6 65. Ke3
Nf4 66. Na3 Nd5+ 67. Kd2 Kc6 68. Kd3 Nf4+ 69. Ke4 Ne2 70. Nb1 Kd6 71. Kd3 Nf4+
72. Ke3 Nd5+ 1/2-1/2

[Event "III Open A"]
[Site "Padova ITA"]
[Date "2000.12.04"]
[Round "3"]
[White "Zlochevskij, Alexander"]
[Black "Van Hoolandt, Patrick"]
[Result "1-0"]
[WhiteElo "2450"]
[BlackElo "2169"]
[PlyCount "80"]
[EventDate "2000.12.02"]

1. d4 Nf6 2. c4 e6 3. Nf3 Bb4+ 4. Nbd2 b6 5. a3 Bxd2+ 6. Qxd2 Bb7 7. e3 O-O 8.
Be2 d6 9. O-O Nbd7 10. b4 c5 11. Bb2 Qe7 12. Rad1 Rfd8 13. Ba1 Rac8 14. Qb2 Ne8
15. Rd2 Ndf6 16. Rfd1 Ne4 17. Rc2 Ba8 18. Ne1 d5 19. cxd5 cxb4 20. axb4 Rxc2
21. Qxc2 exd5 22. b5 N4d6 23. Qb3 Nc7 24. Qa3 Nce8 25. Nd3 Rc8 26. Bc3 Qc7 27.
Be1 Nxb5 28. Qa2 Qc2 29. Qa6 Qxe2 30. Qxc8 Nbd6 31. Qc1 Nc4 32. Nf4 Qa2 33. Qc3
Qa4 34. Ra1 Qd7 35. Nd3 f6 36. Nb2 Ned6 37. Nxc4 Nxc4 38. Qb3 Bc6 39. Bb4 a5
40. Bc3 a4 1-0

[Event "III Open A"]
[Site "Padova ITA"]
[Date "2000.12.05"]
[Round "4"]
[White "Cacco, Christian"]
[Black "Solozhenkin, Evgeniy"]
[Result "0-1"]
[WhiteElo "2267"]
[BlackElo "2517"]
[PlyCount "82"]
[EventDate "2000.12.02"]

1. d4 Nf6 2. Nf3 g6 3. g3 c5 4. c3 b6 5. Bg2 Bb7 6. O-O Bg7 7. b3 O-O 8. Nbd2
d6 9. Bb2 Nc6 10. e4 cxd4 11. Nxd4 Nxd4 12. cxd4 Rc8 13. Re1 Rc7 14. Rc1 Rxc1
15. Qxc1 Qa8 16. Qc7 Re8 17. f3 Bh6 18. f4 Bf8 19. Qc3 e6 20. Qe3 h5 21. h3 Be7
22. Bf1 Rc8 23. Bd3 Rc7 24. Qe2 d5 25. exd5 Bxd5 26. a3 Qf8 27. Qe5 Qd8 28. Bc4
b5 29. Bxb5 Rc2 30. Bc1 Rc3 31. Kh2 h4 32. g4 Nxg4+ 33. hxg4 Bd6 34. Qe2 Bxf4+
35. Kg1 Rg3+ 36. Kf1 Bg2+ 37. Qxg2 Rxg2 38. Kxg2 Bxd2 39. Bxd2 Qd5+ 40. Kh3
Qxb5 41. Kxh4 Qxb3 0-1

[Event "III Open A"]
[Site "Padova ITA"]
[Date "2000.12.05"]
[Round "4"]
[White "Chatalbashev, Boris"]
[Black "Artizzu, Giulio"]
[Result "1-0"]
[WhiteElo "2494"]
[BlackElo "2095"]
[PlyCount "67"]
[EventDate "2000.12.02"]

1. d4 Nf6 2. Nf3 g6 3. Nc3 c5 4. d5 Bg7 5. e4 O-O 6. e5 Ne8 7. h4 d6 8. e6 fxe6
9. h5 Nc7 10. Bd3 Qe8 11. Ng5 Bd4 12. Be3 exd5 13. Nxh7 Bf5 14. Nxf8 Bxc3+ 15.
bxc3 Qxf8 16. hxg6 Qf6 17. Qh5 Bxd3 18. cxd3 Qxc3+ 19. Ke2 Qb2+ 20. Kf3 Qf6+
21. Kg3 Nc6 22. Qh7+ Kf8 23. Rh4 Ke8 24. Qh8+ Kd7 25. Qxf6 exf6 26. Rh7+ Ne7
27. f4 Kd8 28. Rf7 Ne8 29. Rh1 b5 30. Rhh7 Nxg6 31. Kg4 d4 32. Bd2 c4 33. Ba5+
Kc8 34. Rd7 1-0

[Event "III Open A"]
[Site "Padova ITA"]
[Date "2000.12.05"]
[Round "4"]
[White "Danieli, Enrico"]
[Black "Mrdja, Milan"]
[Result "0-1"]
[WhiteElo "2096"]
[BlackElo "2431"]
[PlyCount "122"]
[EventDate "2000.12.02"]

1. Nf3 Nf6 2. d4 g6 3. e3 Bg7 4. Be2 O-O 5. O-O d6 6. c3 Nbd7 7. b4 e5 8. a4 e4
9. Nfd2 Re8 10. a5 h5 11. c4 Nf8 12. Nc3 Bf5 13. b5 Ne6 14. a6 b6 15. Ba3 Ng5
16. Rc1 Bf8 17. Nd5 Nxd5 18. cxd5 Rc8 19. Rc3 Nh7 20. Qb3 Nf6 21. Rfc1 Re7 22.
Nb1 Ne8 23. Bb2 Bd7 24. Na3 f5 25. Nc2 Rf7 26. Nb4 Ra8 27. Qc2 Qg5 28. Kh1 h4
29. Rg1 Qh6 30. Nc6 Rh7 31. Nb4 g5 32. f3 Qg6 33. Bc1 Be7 34. Bf1 Bd8 35. Nc6
Bxc6 36. dxc6 d5 37. Qb3 Nf6 38. Bd2 Be7 39. Be1 Kh8 40. Rc2 Bd6 41. fxe4 fxe4
42. g3 hxg3 43. Bxg3 Nh5 44. Bxd6 Qxd6 45. Rcg2 Ng7 46. Qa2 Nf5 47. Qe2 Nh4 48.
Rg3 Nf3 49. Rh3 Nxg1 50. Rxh7+ Kxh7 51. Qh5+ Qh6 52. Qf7+ Kh8 53. Kxg1 g4 54.
Qxd5 Qxe3+ 55. Kg2 Qf3+ 56. Kg1 Qf4 57. Bc4 Rf8 58. Qe5+ Qxe5 59. dxe5 e3 60.
e6 Kg7 61. Be2 Rf4 0-1

[Event "III Open A"]
[Site "Padova ITA"]
[Date "2000.12.05"]
[Round "4"]
[White "Dervishi, Erald"]
[Black "Quinn, Mark Peter"]
[Result "1-0"]
[WhiteElo "2482"]
[BlackElo "2381"]
[PlyCount "81"]
[EventDate "2000.12.02"]

1. e4 c5 2. Nf3 d6 3. d4 cxd4 4. Nxd4 Nf6 5. Nc3 a6 6. Be2 e5 7. Nb3 Be7 8. O-O
O-O 9. Kh1 Qc7 10. a4 b6 11. Be3 Bb7 12. f3 Nc6 13. Nd2 Na5 14. Bd3 d5 15. exd5
Nxd5 16. Nxd5 Bxd5 17. Qe2 Qb7 18. Qf2 b5 19. Qg3 f6 20. b3 Nc6 21. Qh3 g6 22.
axb5 axb5 23. Bxb5 Qxb5 24. c4 Qb7 25. cxd5 Nd8 26. Rxa8 Qxa8 27. Qd7 Qb7 28.
Qxb7 Nxb7 29. Nc4 Rd8 30. Rd1 Bb4 31. g4 Bc3 32. g5 f5 33. Rd3 Ba1 34. Rd1 Bc3
35. Kg2 f4 36. Bb6 Rd7 37. d6 Kf7 38. Rc1 Nxd6 39. Rxc3 Nxc4 40. bxc4 Rd2+ 41.
Bf2 1-0

[Event "III Open A"]
[Site "Padova ITA"]
[Date "2000.12.05"]
[Round "4"]
[White "Djuric, Stefan"]
[Black "Timoscenko, Gennadij A."]
[Result "1/2-1/2"]
[WhiteElo "2461"]
[BlackElo "2534"]
[PlyCount "49"]
[EventDate "2000.12.02"]

1. e4 c5 2. Nf3 e6 3. Nc3 a6 4. g3 d6 5. Bg2 Nc6 6. O-O Nf6 7. d4 cxd4 8. Nxd4
Bd7 9. Nxc6 Bxc6 10. Qe2 Be7 11. Rd1 Qc7 12. Bf4 O-O 13. a4 b6 14. g4 Rfc8 15.
g5 Nd7 16. Nd5 Bxd5 17. exd5 e5 18. Be3 Qxc2 19. Qg4 Nc5 20. b4 Nb3 21. Rab1
Rc4 22. Qd7 Rc7 23. Qg4 Rc4 24. Qd7 Rc7 25. Qg4 1/2-1/2

[Event "III Open A"]
[Site "Padova ITA"]
[Date "2000.12.05"]
[Round "4"]
[White "Naumkin, Igor"]
[Black "Caruso, Augusto"]
[Result "1/2-1/2"]
[WhiteElo "2440"]
[BlackElo "2287"]
[PlyCount "65"]
[EventDate "2000.12.02"]

1. d4 d5 2. c4 e6 3. Nc3 Nf6 4. Nf3 Be7 5. Bg5 h6 6. Bh4 O-O 7. e3 Ne4 8. Bxe7
Qxe7 9. Rc1 Nxc3 10. Rxc3 Nc6 11. cxd5 exd5 12. Be2 Qd6 13. O-O Bf5 14. a3 a5
15. Qb3 Rfb8 16. Rfc1 a4 17. Qd1 Nd8 18. Bb5 Qb6 19. Bxa4 Qxb2 20. Rxc7 Qxa3
21. Bc2 Bxc2 22. Qxc2 Qd6 23. Ne5 Nc6 24. Rxf7 Nxe5 25. dxe5 Qxe5 26. Rc7 b5
27. g3 b4 28. Qb3 Kh8 29. R7c5 Ra1 30. Rxa1 Qxa1+ 31. Kg2 d4 32. exd4 Qxd4 33.
Rc1 1/2-1/2

[Event "III Open A"]
[Site "Padova ITA"]
[Date "2000.12.05"]
[Round "4"]
[White "Rossato, Armando"]
[Black "Antoniacci, Riccardo"]
[Result "1-0"]
[WhiteElo "2201"]
[BlackElo "2065"]
[PlyCount "67"]
[EventDate "2000.12.02"]

1. d4 d5 2. Nc3 Nf6 3. e4 dxe4 4. f3 e5 5. dxe5 Qxd1+ 6. Kxd1 Nfd7 7. f4 Bb4 8.
Nxe4 O-O 9. Be3 b6 10. a3 Be7 11. Nf3 Bb7 12. Bd3 c5 13. Ned2 Na6 14. Ke2 Nc7
15. Rad1 Rae8 16. Be4 Ba6+ 17. c4 f6 18. b3 Kh8 19. Bf5 Nb8 20. Bc2 fxe5 21.
Nxe5 Nd5 22. Ne4 Nxf4+ 23. Bxf4 Rxf4 24. Rhf1 Bg5 25. Nf7+ Rxf7 26. Rxf7 Nc6
27. Kf1 Nd4 28. Rxd4 cxd4 29. Nxg5 h6 30. Ne6 Bc8 31. Rf8+ Rxf8+ 32. Nxf8 Kg8
33. Ng6 Kf7 34. Ne5+ 1-0

[Event "III Open A"]
[Site "Padova ITA"]
[Date "2000.12.05"]
[Round "4"]
[White "Sabia, Corrado"]
[Black "Astengo, Marcello"]
[Result "1-0"]
[WhiteElo "2194"]
[BlackElo "2060"]
[PlyCount "65"]
[EventDate "2000.12.02"]

1. d4 d5 2. c4 e6 3. Nc3 c6 4. Nf3 Nd7 5. g3 Ngf6 6. Bg2 Bd6 7. O-O O-O 8. Qc2
Re8 9. Re1 dxc4 10. e4 e5 11. dxe5 Bxe5 12. Be3 Ng4 13. Rad1 Qa5 14. h3 Nxe3
15. Rxe3 Bc7 16. Nd2 b5 17. Kh2 Bb6 18. Re2 Nc5 19. f4 Bb7 20. e5 Rad8 21. Nde4
b4 22. Nxc5 Bxc5 23. Ne4 Ba6 24. Red2 Be3 25. Rd7 Rxd7 26. Rxd7 Qxa2 27. Ng5 g6
28. e6 Rxe6 29. Nxe6 fxe6 30. Qe4 c3 31. Qe5 Bg1+ 32. Kxg1 Qb1+ 33. Kh2 1-0

[Event "III Open A"]
[Site "Padova ITA"]
[Date "2000.12.05"]
[Round "4"]
[White "Skembris, Spyridon"]
[Black "Genocchio, Daniele"]
[Result "1-0"]
[WhiteElo "2475"]
[BlackElo "2201"]
[PlyCount "97"]
[EventDate "2000.12.02"]

1. d4 e6 2. e4 d5 3. Nd2 Nf6 4. Bd3 dxe4 5. Nxe4 Nbd7 6. Nf3 Nxe4 7. Bxe4 Be7
8. Qe2 O-O 9. O-O Nf6 10. Bd3 c5 11. dxc5 Bxc5 12. Bg5 Be7 13. c4 Qc7 14. Rad1
b6 15. Ne5 Rd8 16. Bxf6 Bxf6 17. Ng4 Bd4 18. Be4 Rb8 19. Ne3 Ba6 20. b3 Qf4 21.
Bf3 b5 22. g3 Qf6 23. c5 Bxc5 24. Ng4 Qg5 25. h4 Qe7 26. Ne5 Rxd1 27. Rxd1 Rd8
28. Rxd8+ Qxd8 29. a4 Qd6 30. b4 Bxb4 31. axb5 Bc8 32. Kg2 Bc5 33. Bc6 f6 34.
Nd3 Bd4 35. Qh5 g6 36. Qg4 a6 37. Qf3 axb5 38. Bxb5 Qb6 39. Bc6 Kg7 40. h5 e5
41. h6+ Kxh6 42. Qxf6 Bf5 43. Qf8+ Kh5 44. Bf3+ Bg4 45. Nf4+ Kg5 46. Bxg4 Kxg4
47. f3+ Kg5 48. Nh3+ Kh5 49. g4+ 1-0

[Event "III Open A"]
[Site "Padova ITA"]
[Date "2000.12.05"]
[Round "4"]
[White "Van Hoolandt, Patrick"]
[Black "Rossi, Carlo"]
[Result "0-1"]
[WhiteElo "2169"]
[BlackElo "2436"]
[PlyCount "60"]
[EventDate "2000.12.02"]

1. c4 Nc6 2. Nc3 e5 3. g3 h5 4. Nf3 h4 5. Nxh4 Rxh4 6. gxh4 Qxh4 7. Bg2 Qxc4 8.
d3 Qh4 9. Nd5 Bd6 10. e3 Nd8 11. Qe2 c6 12. Nc3 Ne6 13. Bd2 Bc7 14. O-O-O d5
15. Kb1 f5 16. f4 exf4 17. exf4 Nf6 18. Qe1 Qh6 19. Ne2 Kf7 20. Qg3 Bd7 21. Bf3
Rh8 22. h4 g6 23. Rdg1 c5 24. Rf1 Bc6 25. Qg1 Bb5 26. Nc1 b6 27. Qg2 Bxf4 28.
Rd1 Bxd2 29. Rxd2 Bc6 30. Rg1 Nd4 0-1

[Event "III Open A"]
[Site "Padova ITA"]
[Date "2000.12.05"]
[Round "4"]
[White "Zlochevskij, Alexander"]
[Black "Manca, Federico"]
[Result "1-0"]
[WhiteElo "2450"]
[BlackElo "2396"]
[PlyCount "103"]
[EventDate "2000.12.02"]

1. d4 Nf6 2. Nf3 g6 3. c4 Bg7 4. Nc3 O-O 5. e4 d6 6. Be2 c5 7. O-O cxd4 8. Nxd4
Nc6 9. Be3 Bd7 10. Qd2 Nxd4 11. Bxd4 Bc6 12. f3 a5 13. b3 Nd7 14. Be3 Nc5 15.
Rab1 Qb6 16. Rfc1 Rfc8 17. Rc2 Qd8 18. Bf1 Qf8 19. a3 a4 20. b4 Nb3 21. Qd1 e6
22. b5 Bd7 23. Nxa4 Rxa4 24. Rxb3 Rca8 25. Bf4 e5 26. Bd2 Rxa3 27. Rxa3 Rxa3
28. Bb4 Ra4 29. Bxd6 Qa8 30. Bc7 Be6 31. Qd8+ Qxd8 32. Bxd8 Bh6 33. Kf2 Ra3 34.
Bb6 f6 35. Bc5 Ra1 36. Be2 Rc1 37. Rxc1 Bxc1 38. Bb4 Bb2 39. c5 Bd4+ 40. Ke1 b6
41. c6 Kf7 42. c7 Ke8 43. Bc4 Bc8 44. h4 Kd7 45. Bg8 h6 46. Bh7 Kxc7 47. Bxg6
Bd7 48. Bd2 Bxb5 49. Bxh6 Bc3+ 50. Kd1 Bc4 51. h5 Kd7 52. Bf8 1-0

[Event "III Open A"]
[Site "Padova ITA"]
[Date "2000.12.06"]
[Round "5"]
[White "Artizzu, Giulio"]
[Black "Danieli, Enrico"]
[Result "0-1"]
[WhiteElo "2095"]
[BlackElo "2096"]
[PlyCount "96"]
[EventDate "2000.12.02"]

1. e4 c6 2. d4 d5 3. Nc3 dxe4 4. Nxe4 Nf6 5. Nxf6+ exf6 6. Bc4 Qe7+ 7. Kf1 Be6
8. Qe2 Bxc4 9. Qxc4 Qe6 10. Qb3 Qxb3 11. axb3 Bd6 12. Ne2 O-O 13. Bf4 Bxf4 14.
Nxf4 Na6 15. f3 Rfd8 16. c3 Nc7 17. Ke2 Ne6 18. Nd3 a6 19. Rhd1 Rd5 20. b4 Re8
21. Kf2 g6 22. Ra5 Rd7 23. Nc5 Rde7 24. Ne4 Kg7 25. g4 Ng5 26. Nxg5 Re2+ 27.
Kg3 fxg5 28. Rxg5 Rxb2 29. Re5 Kf8 30. Rde1 Rxe5 31. Rxe5 Rc2 32. Re3 h6 33.
Kf4 f6 34. h4 Rh2 35. Kg3 Rh1 36. Re6 Kf7 37. d5 Rd1 38. c4 cxd5 39. Rb6 dxc4
40. Rxb7+ Ke6 41. Rb6+ Rd6 42. Rb8 Rc6 43. b5 axb5 44. Rxb5 c3 45. Rb1 Kd5 46.
Kf2 Kc4 47. Ke2 c2 48. Rc1 Kc3 0-1

[Event "III Open A"]
[Site "Padova ITA"]
[Date "2000.12.06"]
[Round "5"]
[White "Astengo, Marcello"]
[Black "Radulescu, Gheorghe"]
[Result "0-1"]
[WhiteElo "2060"]
[BlackElo "1902"]
[PlyCount "65"]
[EventDate "2000.12.02"]

1. d4 Nf6 2. c4 g6 3. d5 Bg7 4. Nc3 O-O 5. e4 d6 6. Be2 c5 7. Bg5 Qa5 8. Qd2 a6
9. Bd3 Re8 10. Nge2 Nbd7 11. f4 b5 12. cxb5 Rb8 13. bxa6 Bxa6 14. Bxa6 Qxa6 15.
O-O Nxe4 16. Qc2 Nxg5 17. fxg5 Ne5 18. Rab1 Rb4 19. a3 Rb7 20. Qe4 Reb8 21. Rf4
Rxb2 22. Rbf1 Qxa3 23. h4 R8b4 24. Qe3 Rxf4 25. Qxf4 Rb4 26. Ne4 Qd3 27. N2g3
Qxd5 28. h5 Qd4+ 29. Kh2 d5 30. hxg6 hxg6 31. Qh4 dxe4 32. Ne2 Qd6 33. Nc3 0-1

[Event "III Open A"]
[Site "Padova ITA"]
[Date "2000.12.06"]
[Round "5"]
[White "Bracaglia, Carlo"]
[Black "Naumkin, Igor"]
[Result "1/2-1/2"]
[WhiteElo "2134"]
[BlackElo "2440"]
[PlyCount "36"]
[EventDate "2000.12.02"]

1. e4 e6 2. d4 d5 3. e5 c5 4. c3 Nc6 5. Nf3 Qb6 6. a3 c4 7. Nbd2 Na5 8. g3 Bd7
9. h4 h6 10. Bh3 O-O-O 11. h5 Ne7 12. Nh4 Kb8 13. O-O Nc8 14. Rb1 Be7 15. Ng2
Qc7 16. Nf3 Nb6 17. Nfh4 Ba4 18. Qe2 Ka8 1/2-1/2

[Event "III Open A"]
[Site "Padova ITA"]
[Date "2000.12.06"]
[Round "5"]
[White "Caruso, Augusto"]
[Black "Sabia, Corrado"]
[Result "1-0"]
[WhiteElo "2287"]
[BlackElo "2194"]
[PlyCount "121"]
[EventDate "2000.12.02"]

1. e4 c5 2. Nf3 e6 3. c3 d5 4. e5 Nc6 5. d4 Nge7 6. Bd3 cxd4 7. cxd4 Nf5 8.
Bxf5 exf5 9. Nc3 Be6 10. O-O Be7 11. Ne1 g5 12. f4 h6 13. Nc2 Qd7 14. Kh1 O-O-O
15. b3 Rdg8 16. a4 Rh7 17. Ra2 Rhg7 18. Ne1 Kb8 19. Be3 gxf4 20. Bxf4 Rg4 21.
Rd2 Bg5 22. Ne2 Be7 23. Rd3 h5 24. h3 R4g7 25. Rg1 h4 26. Nf3 Nb4 27. Rc3 Rc8
28. Rxc8+ Qxc8 29. Qd2 Qc2 30. Qxc2 Nxc2 31. Bd2 Rh7 32. Rc1 Nb4 33. Rf1 Nd3
34. Nc1 Nb4 35. Bg5 Bxg5 36. Nxg5 Rh8 37. Ne2 Nd3 38. Nf4 Nxf4 39. Rxf4 Kc7 40.
Nf3 Kb6 41. Nxh4 Ka5 42. Nxf5 Kb4 43. Nd6 Kxb3 44. a5 Rb8 45. Nxf7 Kb4 46. Ng5
Bd7 47. Rf7 Bc6 48. a6 bxa6 49. Rxa7 a5 50. Ne6 Rb7 51. Nd8 Rb6 52. Nxc6+ Rxc6
53. g4 a4 54. g5 a3 55. h4 Kb3 56. h5 Rc8 57. h6 Rh8 58. h7 a2 59. g6 Kb2 60.
Kg2 Rc8 61. Rxa2+ 1-0

[Event "III Open A"]
[Site "Padova ITA"]
[Date "2000.12.06"]
[Round "5"]
[White "Del Monaco, Andrea"]
[Black "Van Hoolandt, Patrick"]
[Result "0-1"]
[WhiteElo "2077"]
[BlackElo "2169"]
[PlyCount "70"]
[EventDate "2000.12.02"]

1. e4 e5 2. Nf3 Nc6 3. Bb5 Nf6 4. O-O Bc5 5. c3 O-O 6. d4 Bb6 7. Bg5 h6 8. Bh4
d6 9. a4 a5 10. Bxc6 bxc6 11. dxe5 dxe5 12. Qxd8 Rxd8 13. Nxe5 g5 14. Bg3 h5
15. Nxc6 Re8 16. Be5 Nxe4 17. Bd4 Ba6 18. Re1 Nc5 19. Nd2 Nd3 20. Rxe8+ Rxe8
21. Bxb6 cxb6 22. b4 Bb7 23. b5 Bxc6 24. bxc6 Rc8 25. h4 gxh4 26. Ne4 Rxc6 27.
Rd1 Nb2 28. Rd4 f5 29. Nd6 Nxa4 30. Nxf5 Rc5 31. Rxh4 Nxc3 32. Rxh5 a4 33. Ne7+
Kf8 34. Rxc5 bxc5 35. Ng6+ Ke8 0-1

[Event "III Open A"]
[Site "Padova ITA"]
[Date "2000.12.06"]
[Round "5"]
[White "Genocchio, Daniele"]
[Black "Alberton, Roberto"]
[Result "0-1"]
[WhiteElo "2201"]
[BlackElo "2147"]
[PlyCount "100"]
[EventDate "2000.12.02"]

1. e4 e6 2. d3 d5 3. Qe2 Nc6 4. Nf3 e5 5. exd5 Qxd5 6. Nc3 Bb4 7. Bd2 Bxc3 8.
Bxc3 Bg4 9. Qe4 Bxf3 10. Qxf3 Qxf3 11. gxf3 f6 12. f4 exf4 13. Rg1 Kf7 14. d4
g6 15. Bc4+ Kg7 16. O-O-O Nh6 17. Bd2 Ne7 18. Bxf4 c6 19. Rge1 Nef5 20. d5 g5
21. dxc6 bxc6 22. Rd7+ Kg6 23. Bg3 Nxg3 24. hxg3 Rhe8 25. Bd3+ f5 26. Rd6+ Kg7
27. Rd7+ Kg6 28. Rd6+ Kg7 29. Rxe8 Rxe8 30. Rd7+ Kg6 31. Rxa7 Ng4 32. f3 Nf2
33. Kd2 Nxd3 34. cxd3 h5 35. Ra4 Rh8 36. Rc4 h4 37. gxh4 gxh4 38. Rxc6+ Kg5 39.
Ke3 h3 40. f4+ Kh4 41. Kf3 h2 42. Kg2 Kg4 43. Rc1 Kxf4 44. b4 Ke3 45. b5 f4 46.
b6 f3+ 47. Kh1 f2 48. d4 Rf8 49. Kg2 f1=Q+ 50. Rxf1 Rxf1 0-1

[Event "III Open A"]
[Site "Padova ITA"]
[Date "2000.12.06"]
[Round "5"]
[White "Mrdja, Milan"]
[Black "Rossato, Armando"]
[Result "1-0"]
[WhiteElo "2431"]
[BlackElo "2201"]
[PlyCount "77"]
[EventDate "2000.12.02"]

1. e4 g6 2. d4 d6 3. Nc3 c6 4. f4 d5 5. Nf3 Bg4 6. e5 e6 7. h3 Bxf3 8. Qxf3 h5
9. g3 Qb6 10. Ne2 Nd7 11. c3 Be7 12. Bg2 Nh6 13. g4 O-O-O 14. b3 Rdg8 15. Be3
Qa6 16. Kd2 Ba3 17. Kc2 Kb8 18. Rad1 Rc8 19. Kb1 h4 20. Bf1 Qb6 21. Bc1 Bxc1
22. Nxc1 c5 23. Rh2 cxd4 24. cxd4 Qb4 25. Qf2 Rc3 26. Qxh4 Rhc8 27. Qe1 Qa3 28.
Rb2 a6 29. Bd3 Nb6 30. Ne2 Na4 31. bxa4 Rxd3 32. Rc1 Rxc1+ 33. Nxc1 Rxh3 34.
Qa5 Rc3 35. Nb3 Rc6 36. Nc5 Qe3 37. Qd8+ Rc8 38. Rxb7+ Ka8 39. Qxc8# 1-0

[Event "III Open A"]
[Site "Padova ITA"]
[Date "2000.12.06"]
[Round "5"]
[White "Quinn, Mark Peter"]
[Black "Cacco, Christian"]
[Result "1-0"]
[WhiteElo "2381"]
[BlackElo "2267"]
[PlyCount "90"]
[EventDate "2000.12.02"]

1. c4 Nf6 2. Nc3 g6 3. g3 Bg7 4. Bg2 d6 5. Rb1 a5 6. a3 O-O 7. b4 c6 8. Nf3
axb4 9. axb4 Bf5 10. d3 Qd7 11. O-O Bh3 12. b5 Re8 13. Qb3 c5 14. Bb2 Qg4 15.
Ra1 Nbd7 16. b6 Rab8 17. Ra7 Nh5 18. Nd5 Bxg2 19. Kxg2 Ndf6 20. h3 Qd7 21. Nc7
Red8 22. e3 Ne8 23. Nxe8 Rxe8 24. Bxg7 Nxg7 25. d4 cxd4 26. exd4 Rec8 27. d5
Ne8 28. Re1 Nf6 29. Nd2 Qd8 30. Qe3 Kf8 31. Ra3 Nd7 32. Rb3 Ra8 33. h4 h5 34.
Qd4 Nf6 35. Rbe3 Qd7 36. Ne4 Kg7 37. Nxf6 exf6 38. Re7 Qf5 39. Rxb7 Re8 40.
Rbe7 Rxe7 41. Rxe7 Ra3 42. Re3 Ra2 43. Rb3 Qc2 44. Rb5 Qe2 45. b7 Ra3 1-0

[Event "III Open A"]
[Site "Padova ITA"]
[Date "2000.12.06"]
[Round "5"]
[White "Rossi, Carlo"]
[Black "Paragua, Mark"]
[Result "1-0"]
[WhiteElo "2436"]
[BlackElo "2412"]
[PlyCount "89"]
[EventDate "2000.12.02"]

1. e4 c5 2. Nf3 d6 3. c3 Nf6 4. Be2 g6 5. O-O Bg7 6. Re1 O-O 7. Bf1 Nc6 8. h3
e5 9. d3 Ne8 10. a3 h6 11. b4 Nc7 12. Bb2 b6 13. Nbd2 Rb8 14. d4 exd4 15. cxd4
Ne6 16. Nb3 d5 17. e5 c4 18. b5 Ne7 19. Nc1 a5 20. a4 Nf5 21. g3 h5 22. Bg2 Bh6
23. Ne2 Kh7 24. Nc3 Bb7 25. h4 Nfg7 26. Qc2 f5 27. exf6 Qxf6 28. Rad1 Nf5 29.
Ne2 Rbe8 30. Kh2 Kh8 31. Neg1 g5 32. hxg5 Nxg5 33. Nxg5 Bxg5 34. Nh3 h4 35. Re5
hxg3+ 36. fxg3 Ne3 37. Qe2 Rxe5 38. dxe5 Qh6 39. e6+ Kg8 40. Rd4 Bc8 41. Rxd5
Nxd5 42. Bxd5 Rf6 43. e7+ Kh7 44. Be4+ Kg7 45. Bg2 1-0

[Event "III Open A"]
[Site "Padova ITA"]
[Date "2000.12.07"]
[Round "6"]
[White "Alberton, Roberto"]
[Black "Paragua, Mark"]
[Result "0-1"]
[WhiteElo "2147"]
[BlackElo "2412"]
[PlyCount "66"]
[EventDate "2000.12.02"]

1. d4 Nf6 2. Nf3 g6 3. c4 Bg7 4. Nc3 O-O 5. e4 d6 6. Be2 e5 7. d5 a5 8. Bg5 h6
9. Bh4 Na6 10. Nd2 h5 11. h3 Bh6 12. g4 hxg4 13. hxg4 Bf4 14. f3 Kg7 15. Qc2
Rh8 16. O-O-O Rxh4 17. Rxh4 Nb4 18. Qb3 Nxe4 19. Rh7+ Kxh7 20. Rh1+ Kg7 21.
Ncxe4 b6 22. a3 Na6 23. Qd1 Nc5 24. Kc2 Bd7 25. Qf1 Bxd2 26. Nxd2 Qg5 27. Qh3
Qe3 28. Qh7+ Kf6 29. Qh4+ g5 30. Qh6+ Ke7 31. b3 a4 32. b4 Nb3 33. Ne4 Nd4+ 0-1

[Event "III Open A"]
[Site "Padova ITA"]
[Date "2000.12.07"]
[Round "6"]
[White "Antoniacci, Riccardo"]
[Black "Artizzu, Giulio"]
[Result "1-0"]
[WhiteElo "2065"]
[BlackElo "2095"]
[PlyCount "45"]
[EventDate "2000.12.02"]

1. e4 c5 2. Nf3 d6 3. d4 cxd4 4. Nxd4 Nf6 5. Nc3 a6 6. f4 e6 7. Bd3 Be7 8. O-O
O-O 9. Kh1 Qc7 10. a4 Nc6 11. Nf3 Nb4 12. Qe1 e5 13. Be3 exf4 14. Bxf4 Re8 15.
Qf2 b6 16. e5 Nxd3 17. cxd3 Ng4 18. Qg3 dxe5 19. Nxe5 Bh4 20. Qxh4 Nxe5 21.
Rae1 Bb7 22. Qg3 Bxg2+ 23. Qxg2 1-0

[Event "III Open A"]
[Site "Padova ITA"]
[Date "2000.12.07"]
[Round "6"]
[White "Caruso, Augusto"]
[Black "Skembris, Spyridon"]
[Result "0-1"]
[WhiteElo "2287"]
[BlackElo "2475"]
[PlyCount "54"]
[EventDate "2000.12.02"]

1. e4 e5 2. Nf3 Nc6 3. d4 exd4 4. Nxd4 Bc5 5. Be3 Qf6 6. c3 Qg6 7. Qf3 Ne5 8.
Qe2 Ng4 9. Bf4 d6 10. e5 Ne7 11. exd6 Bxd6 12. Bxd6 Qxd6 13. Nd2 O-O 14. Ne4
Qh6 15. Qd2 Qxd2+ 16. Nxd2 Re8 17. Be2 Nd5 18. O-O c5 19. Bf3 cxd4 20. Bxd5
dxc3 21. bxc3 Rd8 22. c4 Nf6 23. Rfe1 Nxd5 24. cxd5 Bg4 25. Re7 Rxd5 26. Nc4
Rd7 27. Rae1 Kf8 0-1

[Event "III Open A"]
[Site "Padova ITA"]
[Date "2000.12.07"]
[Round "6"]
[White "Chatalbashev, Boris"]
[Black "Rossi, Carlo"]
[Result "1-0"]
[WhiteElo "2494"]
[BlackElo "2436"]
[PlyCount "91"]
[EventDate "2000.12.02"]

1. d4 Nf6 2. Nf3 c5 3. d5 d6 4. c4 e6 5. Nc3 exd5 6. cxd5 Be7 7. g3 O-O 8. Bg2
Qa5 9. Bd2 b5 10. a3 a6 11. O-O Qd8 12. b4 Re8 13. e4 Nbd7 14. bxc5 Nxc5 15.
Nd4 Qb6 16. Nc6 Bf8 17. Be3 Bb7 18. Rc1 Nfd7 19. f4 Rac8 20. e5 dxe5 21. f5 Nf6
22. g4 h5 23. h3 hxg4 24. hxg4 e4 25. g5 Nxd5 26. Nxd5 Qxc6 27. Nf4 Qd7 28. Qh5
Qxf5 29. Bh3 Qh7 30. Qxf7+ Kxf7 31. g6+ Qxg6+ 32. Nxg6+ Kxg6 33. Bf5+ Kf7 34.
Bxc8+ Kg8 35. Bf5 Ne6 36. Bg6 Re7 37. Rc2 Rd7 38. Rh2 Bd6 39. Bh7+ Kh8 40. Rh3
g6 41. Bxg6+ Kg8 42. Rh6 Nf8 43. Bd4 Bh2+ 44. Rxh2 Rxd4 45. Rg2 Nh7 46. Bxh7+
1-0

[Event "III Open A"]
[Site "Padova ITA"]
[Date "2000.12.07"]
[Round "6"]
[White "Dervishi, Erald"]
[Black "Zlochevskij, Alexander"]
[Result "1-0"]
[WhiteElo "2482"]
[BlackElo "2450"]
[PlyCount "65"]
[EventDate "2000.12.02"]

1. e4 c6 2. d4 d5 3. Nc3 dxe4 4. Nxe4 Bf5 5. Ng3 Bg6 6. h4 h6 7. Nf3 Nf6 8. Ne5
Bh7 9. Bd3 Bxd3 10. Qxd3 e6 11. Bd2 Nbd7 12. f4 c5 13. O-O-O cxd4 14. Ng6 Rh7
15. Nxf8 Kxf8 16. Qxd4 Qb6 17. Bb4+ Kg8 18. f5 Qxd4 19. Rxd4 Rh8 20. fxe6 fxe6
21. Re1 e5 22. Rd3 Rc8 23. Nf5 Kh7 24. Be7 Rce8 25. g4 Kg6 26. h5+ Kh7 27. Red1
Nb8 28. Rd6 Ne4 29. Rg6 Rhg8 30. Rd3 Nc6 31. Rd7 Kh8 32. Bh4 Nc5 33. Bf6 1-0